[Event "European Online Club-ch-D 2021"]
[Site "Online"]
[Date "2021.03.27"]
[Round "4.2"]
[White "Nandhidhaa, P V"]
[Black "Erdogan, Anil Berk"]
[Result "1-0"]
[WhiteElo "2365"]
[BlackElo "2155"]
[Annotator "NA"]
[PlyCount "59"]
[EventDate "2021.03.27"]
[EventType "team-tourn"]
[EventCountry "NET"]
[SourceTitle "playchess.com"]
[Source "ChessBase"]
[SourceQuality "1"]
[TimeControl "900+5"]

1. b3 {[%emt 0:00:00]} e5 {[%emt 0:00:05]} 2. Bb2 {[%emt 0:00:02]} Nc6 {[%emt 0:00:01]} 3. Nf3 {[%emt 0:00:02]} e4 {[%emt 0:00:10]} 4. Nd4 {[%emt 0:00:06]} Nf6 {[%emt 0:00:35]} 5. c4 {[%emt 0:00:10]} Bc5 {[%emt 0:00:26]} 6. Nf5 {[%emt 0:00:09]} O-O {[%emt 0:00:53]} 7. e3 {[%emt 0:00:08]} d5 {[%emt 0:00:26]} 8. cxd5 {[%emt 0:00:04]} Qxd5 {[%emt 0:01:05]} 9. Ng3 {[%emt 0:00:14]} Bg4 {[%emt 0:01:19]} 10. Nc3 {[%emt 0:00:11]} Qe6 {[%emt 0:01:14]} 11. Qb1 {[%emt 0:00:57]} Rfe8 {[%emt 0:00:38]} 12. Bc4 {[%emt 0:01:24]} Qe7 {[%emt 0:01:54]} 13. Nd5 {[%emt 0:00:24]} Nxd5 {[%emt 0:00:25]} 14. Bxd5 {[%emt 0:00:02]} Rad8 {[%emt 0:03:21]} 15. Bxe4 {[%emt 0:00:34]} f5 {[%emt 0:00:49]} 16. Bxf5 {[%emt 0:00:24]} Rxd2 {[%emt 0:01:37]} 17. O-O {[%emt 0:00:48]} Bxf5 {[%emt 0:00:26]} 18. Nxf5 {[%emt 0:00:27]} Qg5 {[%emt 0:00:08]} 19. Bc3 {[%emt 0:01:02]} Ne5 {[%emt 0:00:34]} 20. Bxd2 {[%emt 0:02:05]} Nf3+ {[%emt 0:00:05]} 21. Kh1 {[%emt 0:00:02]} Nxd2 {[%emt 0:00:01]} 22. Qc2 {[%emt 0:00:36]} Ne4 {[%emt 0:00:26]} 23. Ng3 {[%emt 0:00:39]} Nxg3+ {[%emt 0:00:06]} 24. hxg3 {[%emt 0:00:03]} Bd6 {[%emt 0:00:09]} 25. Qc4+ {[%emt 0:00:32]} Kh8 {[%emt 0:00:02]} 26. Qh4 {[%emt 0:00:05]} Qe5 {[%emt 0:00:07]} 27. Rad1 {[%emt 0:00:57]} Re6 {[%emt 0:00:06]} 28. Kg1 {[%emt 0:00:06]} b6 {[%emt 0:00:06]} 29. Rd5 {[%emt 0:00:36]} Qc3 {[%emt 0:00:06]} 30. Qd8+ {[%emt 0:00:05]} 1-0

[Event "European Online Club-ch-D 2021"]
[Site "Online"]
[Date "2021.03.27"]
[Round "4.3"]
[White "Ozkan, Ervin"]
[Black "Dauletova, Gulmira"]
[Result "0-1"]
[WhiteElo "2147"]
[BlackElo "2285"]
[Annotator "NA"]
[PlyCount "148"]
[EventDate "2021.03.27"]
[EventType "team-tourn"]
[EventCountry "NET"]
[SourceTitle "playchess.com"]
[Source "ChessBase"]
[SourceQuality "1"]
[TimeControl "900+5"]

1. d4 {[%emt 0:00:00]} Nf6 {[%emt 0:00:03]} 2. Nf3 {[%emt 0:00:03]} d5 {[%emt 0:00:03]} 3. Bf4 {[%emt 0:00:02]} e6 {[%emt 0:00:06]} 4. e3 {[%emt 0:00:02]} Bd6 {[%emt 0:00:03]} 5. Bg3 {[%emt 0:00:02]} c5 {[%emt 0:00:07]} 6. c3 {[%emt 0:00:02]} O-O {[%emt 0:00:27]} 7. Nbd2 {[%emt 0:00:04]} Qc7 {[%emt 0:00:07]} 8. Bd3 {[%emt 0:03:47]} Nbd7 {[%emt 0:00:17]} 9. Bh4 {[%emt 0:00:04]} e5 {[%emt 0:01:33]} 10. dxe5 {[%emt 0:00:10]} Bxe5 {[%emt 0:00:46]} 11. Nxe5 {[%emt 0:00:58]} Nxe5 {[%emt 0:01:01]} 12. Bc2 {[%emt 0:00:05]} Qc6 {[%emt 0:02:24]} 13. O-O {[%emt 0:00:25]} Bg4 {[%emt 0:01:29]} 14. f3 {[%emt 0:02:26]} Bh5 {[%emt 0:00:06]} 15. Bxf6 {[%emt 0:00:37]} Qxf6 {[%emt 0:00:04]} 16. Nb3 {[%emt 0:00:18]} Qc6 {[%emt 0:01:57]} 17. Qe1 {[%emt 0:01:59]} Nc4 {[%emt 0:01:04]} 18. Qf2 {[%emt 0:00:36]} Bg6 {[%emt 0:00:39]} 19. Bxg6 {[%emt 0:00:08]} hxg6 {[%emt 0:00:01]} 20. Rfe1 {[%emt 0:00:13]} Rfe8 {[%emt 0:00:05]} 21. Rab1 {[%emt 0:00:03]} b6 {[%emt 0:00:11]} 22. Nd2 {[%emt 0:00:15]} Nd6 {[%emt 0:00:32]} 23. Rbc1 {[%emt 0:00:29]} b5 {[%emt 0:00:17]} 24. Nf1 {[%emt 0:01:20]} Re6 {[%emt 0:00:10]} 25. Rcd1 {[%emt 0:00:07]} Rae8 {[%emt 0:00:23]} 26. Rd2 {[%emt 0:00:33]} Nc4 {[%emt 0:00:03]} 27. Rde2 {[%emt 0:00:09]} f5 {[%emt 0:01:00]} 28. b3 {[%emt 0:00:14]} Ne5 {[%emt 0:00:30]} 29. Rd1 {[%emt 0:00:07]} Nd7 {[%emt 0:00:03]} 30. Red2 {[%emt 0:00:06]} Nf6 {[%emt 0:00:02]} 31. b4 {[%emt 0:00:14]} Rc8 {[%emt 0:00:15]} 32. Rd3 {[%emt 0:00:25]} a5 {[%emt 0:00:03]} 33. a3 {[%emt 0:00:02]} axb4 {[%emt 0:00:08]} 34. axb4 {[%emt 0:00:03]} Ra8 {[%emt 0:00:06]} 35. R3d2 {[%emt 0:00:06]} Ra3 {[%emt 0:00:05]} 36. Rc2 {[%emt 0:00:55]} Re8 {[%emt 0:00:21]} 37. Rdc1 {[%emt 0:00:17]} Qd6 {[%emt 0:00:04]} 38. Qd2 {[%emt 0:00:14]} Rc8 {[%emt 0:00:37]} 39. Qe2 {[%emt 0:00:25]} Qb6 {[%emt 0:00:21]} 40. bxc5 {[%emt 0:00:03]} Rxc5 {[%emt 0:00:05]} 41. Rb1 {[%emt 0:00:02]} Qc6 {[%emt 0:00:12]} 42. Rcb2 {[%emt 0:00:10]} Ra5 {[%emt 0:00:27]} 43. Rb3 {[%emt 0:00:01]} Ne8 {[%emt 0:00:02]} 44. Qd3 {[%emt 0:00:05]} Nd6 {[%emt 0:00:04]} 45. Nd2 {[%emt 0:00:02]} Nc4 {[%emt 0:00:10]} 46. Nf1 {[%emt 0:00:03]} Ne5 {[%emt 0:00:05]} 47. Qd4 {[%emt 0:00:02]} Qd6 {[%emt 0:00:03]} 48. Qd2 {[%emt 0:00:06]} Nc4 {[%emt 0:00:02]} 49. Qd4 {[%emt 0:00:03]} Ne5 {[%emt 0:00:08]} 50. Qd2 {[%emt 0:00:05]} Qc6 {[%emt 0:00:02]} 51. Ng3 {[%emt 0:00:09]} Ra4 {[%emt 0:00:07]} 52. Ne2 {[%emt 0:00:03]} Nc4 {[%emt 0:00:06]} 53. Qc1 {[%emt 0:00:03]} Qe6 {[%emt 0:00:02]} 54. Nd4 {[%emt 0:00:15]} Qxe3+ {[%emt 0:00:02]} 55. Qxe3 {[%emt 0:00:02]} Nxe3 {[%emt 0:00:02]} 56. Nxb5 {[%emt 0:00:04]} Ra2 {[%emt 0:00:04]} 57. R3b2 {[%emt 0:00:02]} Rxb2 {[%emt 0:00:08]} 58. Rxb2 {[%emt 0:00:02]} Nd1 {[%emt 0:00:02]} 59. Rb3 {[%emt 0:00:05]} Kf7 {[%emt 0:00:11]} 60. Kf1 {[%emt 0:00:02]} f4 {[%emt 0:00:08]} 61. Ke2 {[%emt 0:00:05]} Ne3 {[%emt 0:00:04]} 62. g3 {[%emt 0:00:02]} g5 {[%emt 0:00:01]} 63. h4 {[%emt 0:00:05]} gxh4 {[%emt 0:00:11]} 64. gxh4 {[%emt 0:00:19]} Nf5 {[%emt 0:00:02]} 65. h5 {[%emt 0:00:08]} Ng3+ {[%emt 0:00:01]} 66. Kd3 {[%emt 0:00:01]} Nxh5 {[%emt 0:00:02]} 67. Nd4 {[%emt 0:00:02]} Rc7 {[%emt 0:00:06]} 68. Rb5 {[%emt 0:00:03]} Nf6 {[%emt 0:00:02]} 69. Rb6 {[%emt 0:00:12]} Re7 {[%emt 0:00:03]} 70. Nf5 {[%emt 0:00:04]} Rc7 {[%emt 0:00:08]} 71. Kd4 {[%emt 0:00:09]} g6 {[%emt 0:00:15]} 72. Nd6+ {[%emt 0:00:04]} Ke7 {[%emt 0:00:03]} 73. Nb5 {[%emt 0:00:03]} Rc4+ {[%emt 0:00:04]} 74. Ke5 {[%emt 0:00:05]} Nd7+ {[%emt 0:00:03]} 0-1

[Event "European Online Club-ch-D 2021"]
[Site "Online"]
[Date "2021.03.27"]
[Round "4.4"]
[White "Muminova, Nafisa"]
[Black "Erdogmus, Yagiz Kaan"]
[Result "0-1"]
[WhiteElo "2274"]
[BlackElo "1955"]
[Annotator "NA"]
[PlyCount "50"]
[EventDate "2021.03.27"]
[EventType "team-tourn"]
[EventCountry "NET"]
[SourceTitle "playchess.com"]
[Source "ChessBase"]
[SourceQuality "1"]
[TimeControl "900+5"]

1. d4 {[%emt 0:00:00]} Nf6 {[%emt 0:00:04]} 2. Nc3 {[%emt 0:00:07]} d5 {[%emt 0:00:03]} 3. Bf4 {[%emt 0:00:03]} g6 {[%emt 0:00:10]} 4. Qd2 {[%emt 0:00:10]} Bg7 {[%emt 0:00:05]} 5. f3 {[%emt 0:00:03]} O-O {[%emt 0:00:05]} 6. O-O-O {[%emt 0:00:05]} c5 {[%emt 0:00:09]} 7. dxc5 {[%emt 0:00:19]} Qa5 {[%emt 0:00:12]} 8. Kb1 {[%emt 0:01:52]} Rd8 {[%emt 0:01:28]} 9. e4 {[%emt 0:00:07]} Qxc5 {[%emt 0:01:25]} 10. exd5 {[%emt 0:00:08]} Bf5 {[%emt 0:00:09]} 11. g4 {[%emt 0:00:12]} Nxd5 {[%emt 0:00:49]} 12. Qxd5 {[%emt 0:02:01]} Rxd5 {[%emt 0:01:16]} 13. Rxd5 {[%emt 0:00:05]} Qb6 {[%emt 0:01:13]} 14. Na4 {[%emt 0:00:14]} Bxc2+ {[%emt 0:00:41]} 15. Kxc2 {[%emt 0:00:51]} Qc6+ {[%emt 0:00:03]} 16. Nc3 {[%emt 0:00:03]} Bxc3 {[%emt 0:00:02]} 17. Rd8+ {[%emt 0:00:31]} Kg7 {[%emt 0:00:02]} 18. bxc3 {[%emt 0:00:16]} Qa4+ {[%emt 0:00:03]} 19. Kb2 {[%emt 0:00:01]} Qxf4 {[%emt 0:00:02]} 20. Be2 {[%emt 0:00:40]} Qc7 {[%emt 0:00:15]} 21. Rd4 {[%emt 0:00:26]} Nc6 {[%emt 0:00:03]} 22. Re4 {[%emt 0:00:07]} Rd8 {[%emt 0:00:05]} 23. Nh3 {[%emt 0:00:13]} Rd2+ {[%emt 0:00:03]} 24. Kc1 {[%emt 0:00:04]} Rxa2 {[%emt 0:00:06]} 25. Nf4 {[%emt 0:00:10]} Ra1+ {[%emt 0:00:04]} 0-1

[Event "European Online Club-ch-D 2021"]
[Site "Online"]
[Date "2021.03.27"]
[Round "4.5"]
[White "Reimanis, Ritvars"]
[Black "Straka, Vojtech"]
[Result "1/2-1/2"]
[WhiteElo "2412"]
[BlackElo "2417"]
[Annotator "NA"]
[PlyCount "63"]
[EventDate "2021.03.27"]
[EventType "team-tourn"]
[EventCountry "NET"]
[SourceTitle "playchess.com"]
[Source "ChessBase"]
[SourceQuality "1"]
[TimeControl "900+5"]

1. d4 {[%emt 0:00:00]} d5 {[%emt 0:00:03]} 2. c4 {[%emt 0:00:02]} c6 {[%emt 0:00:02]} 3. Nf3 {[%emt 0:00:01]} Nf6 {[%emt 0:00:02]} 4. e3 {[%emt 0:00:02]} e6 {[%emt 0:00:03]} 5. Nc3 {[%emt 0:00:02]} Nbd7 {[%emt 0:00:03]} 6. Bd2 {[%emt 0:00:02]} Bd6 {[%emt 0:01:43]} 7. Qc2 {[%emt 0:00:05]} O-O {[%emt 0:02:15]} 8. Bd3 {[%emt 0:00:04]} Re8 {[%emt 0:02:43]} 9. O-O-O {[%emt 0:01:42]} e5 {[%emt 0:00:38]} 10. cxd5 {[%emt 0:00:48]} cxd5 {[%emt 0:00:22]} 11. dxe5 {[%emt 0:00:06]} Nxe5 {[%emt 0:00:03]} 12. Nxe5 {[%emt 0:00:03]} Bxe5 {[%emt 0:00:02]} 13. Kb1 {[%emt 0:00:03]} Rb8 {[%emt 0:01:25]} 14. f4 {[%emt 0:01:21]} Bd6 {[%emt 0:00:24]} 15. Nb5 {[%emt 0:00:05]} Ne4 {[%emt 0:00:58]} 16. Nxd6 {[%emt 0:01:38]} Qxd6 {[%emt 0:00:07]} 17. Ba5 {[%emt 0:02:46]} Qe7 {[%emt 0:02:32]} 18. Bc7 {[%emt 0:02:37]} Bg4 {[%emt 0:00:15]} 19. Bxb8 {[%emt 0:00:53]} Bxd1 {[%emt 0:00:02]} 20. Rxd1 {[%emt 0:00:03]} Rxb8 {[%emt 0:00:02]} 21. Bxe4 {[%emt 0:00:08]} dxe4 {[%emt 0:00:06]} 22. Rd4 {[%emt 0:00:08]} Re8 {[%emt 0:00:05]} 23. g3 {[%emt 0:00:38]} h6 {[%emt 0:00:06]} 24. Qa4 {[%emt 0:00:17]} a6 {[%emt 0:01:01]} 25. Rd7 {[%emt 0:02:46]} Qc5 {[%emt 0:00:03]} 26. Qb3 {[%emt 0:00:02]} Re7 {[%emt 0:00:20]} 27. Rd5 {[%emt 0:00:11]} Qc6 {[%emt 0:00:12]} 28. a3 {[%emt 0:00:07]} b5 {[%emt 0:00:14]} 29. Rd4 {[%emt 0:00:11]} Rc7 {[%emt 0:00:16]} 30. Ka2 {[%emt 0:00:05]} Kh7 {[%emt 0:00:19]} 31. Qb4 {[%emt 0:00:07]} f5 {[%emt 0:00:20]} 32. Qd6 {[%emt 0:00:10]} 1/2-1/2

[Event "European Online Club-ch-D 2021"]
[Site "Online"]
[Date "2021.03.27"]
[Round "4.6"]
[White "Roubalik, Jakub"]
[Black "Kvetny, Mark"]
[Result "0-1"]
[WhiteElo "2391"]
[BlackElo "2416"]
[Annotator "NA"]
[PlyCount "84"]
[EventDate "2021.03.27"]
[EventType "team-tourn"]
[EventCountry "NET"]
[SourceTitle "playchess.com"]
[Source "ChessBase"]
[SourceQuality "1"]
[TimeControl "900+5"]

1. d4 {[%emt 0:00:00]} Nf6 {[%emt 0:00:17]} 2. c4 {[%emt 0:00:04]} e6 {[%emt 0:00:03]} 3. Nf3 {[%emt 0:00:02]} c5 {[%emt 0:00:05]} 4. d5 {[%emt 0:00:07]} exd5 {[%emt 0:00:04]} 5. cxd5 {[%emt 0:00:02]} Bd6 {[%emt 0:00:02]} 6. g3 {[%emt 0:00:21]} O-O {[%emt 0:00:26]} 7. Bg2 {[%emt 0:00:05]} Bc7 {[%emt 0:00:05]} 8. O-O {[%emt 0:00:09]} d6 {[%emt 0:00:13]} 9. Nc3 {[%emt 0:00:09]} a6 {[%emt 0:00:14]} 10. a4 {[%emt 0:00:11]} Re8 {[%emt 0:01:04]} 11. Nd2 {[%emt 0:00:29]} Nbd7 {[%emt 0:00:30]} 12. Nc4 {[%emt 0:01:25]} Ne5 {[%emt 0:00:25]} 13. Nxe5 {[%emt 0:00:25]} Rxe5 {[%emt 0:00:14]} 14. e4 {[%emt 0:00:07]} Rb8 {[%emt 0:00:36]} 15. Bf4 {[%emt 0:00:47]} Re8 {[%emt 0:00:05]} 16. Qd3 {[%emt 0:01:11]} Nd7 {[%emt 0:00:19]} 17. Rad1 {[%emt 0:00:39]} b5 {[%emt 0:00:44]} 18. Rfe1 {[%emt 0:00:58]} g5 {[%emt 0:00:17]} 19. Bc1 {[%emt 0:00:11]} Ne5 {[%emt 0:00:02]} 20. Qe2 {[%emt 0:00:55]} c4 {[%emt 0:01:32]} 21. axb5 {[%emt 0:00:50]} axb5 {[%emt 0:00:04]} 22. Be3 {[%emt 0:00:01]} b4 {[%emt 0:01:20]} 23. Nb1 {[%emt 0:00:04]} Bb6 {[%emt 0:00:05]} 24. h3 {[%emt 0:00:42]} Ba6 {[%emt 0:00:45]} 25. Kh2 {[%emt 0:00:47]} Nd3 {[%emt 0:00:54]} 26. Bxb6 {[%emt 0:00:52]} Rxb6 {[%emt 0:01:14]} 27. Rf1 {[%emt 0:00:03]} Qf6 {[%emt 0:00:10]} 28. b3 {[%emt 0:00:28]} Nb2 {[%emt 0:00:49]} 29. Qe3 {[%emt 0:01:24]} Rbb8 {[%emt 0:00:05]} 30. Rd4 {[%emt 0:00:42]} cxb3 {[%emt 0:00:51]} 31. Rc1 {[%emt 0:00:36]} Rbc8 {[%emt 0:00:09]} 32. Rxc8 {[%emt 0:00:55]} Rxc8 {[%emt 0:00:06]} 33. Rxb4 {[%emt 0:00:01]} Rc2 {[%emt 0:02:29]} 34. Rxb3 {[%emt 0:00:03]} Rxf2 {[%emt 0:00:03]} 35. Nd2 {[%emt 0:00:31]} Nd1 {[%emt 0:00:52]} 36. Qe1 {[%emt 0:00:03]} Qd4 {[%emt 0:00:38]} 37. Nf3 {[%emt 0:00:32]} Qa1 {[%emt 0:00:02]} 38. Rb8+ {[%emt 0:00:58]} Kg7 {[%emt 0:00:02]} 39. Ra8 {[%emt 0:00:02]} Qb2 {[%emt 0:00:05]} 40. Qg1 {[%emt 0:00:13]} Ne3 {[%emt 0:00:07]} 41. Ne1 {[%emt 0:00:02]} Nxg2 {[%emt 0:00:04]} 42. Nxg2 {[%emt 0:00:14]} Bf1 {[%emt 0:00:02]} 0-1

[Event "European Online Club-ch-D 2021"]
[Site "Online"]
[Date "2021.03.27"]
[Round "4.7"]
[White "Hoffmann, Hendrik"]
[Black "Vymazal, Bronislav"]
[Result "0-1"]
[WhiteElo "2242"]
[BlackElo "2350"]
[Annotator "NA"]
[PlyCount "60"]
[EventDate "2021.03.27"]
[EventType "team-tourn"]
[EventCountry "NET"]
[SourceTitle "playchess.com"]
[Source "ChessBase"]
[SourceQuality "1"]
[TimeControl "900+5"]

1. e4 {[%emt 0:00:00]} c5 {[%emt 0:00:05]} 2. c3 {[%emt 0:00:13]} d5 {[%emt 0:01:15]} 3. exd5 {[%emt 0:00:08]} Qxd5 {[%emt 0:00:00]} 4. d4 {[%emt 0:00:02]} g6 {[%emt 0:00:02]} 5. Nf3 {[%emt 0:00:04]} Bg7 {[%emt 0:00:08]} 6. Be3 {[%emt 0:00:14]} cxd4 {[%emt 0:00:03]} 7. cxd4 {[%emt 0:00:06]} Nf6 {[%emt 0:00:36]} 8. Nc3 {[%emt 0:00:09]} Qa5 {[%emt 0:00:02]} 9. h3 {[%emt 0:00:46]} O-O {[%emt 0:00:03]} 10. Bc4 {[%emt 0:00:02]} Ne4 {[%emt 0:01:44]} 11. Qb3 {[%emt 0:00:17]} Nd7 {[%emt 0:00:23]} 12. O-O {[%emt 0:00:14]} Nxc3 {[%emt 0:00:10]} 13. Qxc3 {[%emt 0:00:14]} Qh5 {[%emt 0:00:31]} 14. Be2 {[%emt 0:00:10]} Nb6 {[%emt 0:00:28]} 15. Rad1 {[%emt 0:01:29]} Be6 {[%emt 0:02:09]} 16. Rfe1 {[%emt 0:00:19]} Qd5 {[%emt 0:00:04]} 17. b3 {[%emt 0:00:27]} Rac8 {[%emt 0:00:05]} 18. Qd2 {[%emt 0:00:02]} Rfd8 {[%emt 0:00:13]} 19. Bh6 {[%emt 0:00:10]} Bf6 {[%emt 0:01:43]} 20. Bg5 {[%emt 0:01:23]} Bf5 {[%emt 0:00:08]} 21. Bxf6 {[%emt 0:00:12]} exf6 {[%emt 0:00:00]} 22. Qf4 {[%emt 0:00:22]} Kg7 {[%emt 0:00:34]} 23. g4 {[%emt 0:00:27]} Be6 {[%emt 0:00:11]} 24. h4 {[%emt 0:00:02]} Qd6 {[%emt 0:00:47]} 25. Qe4 {[%emt 0:00:53]} Nd5 {[%emt 0:00:07]} 26. Rc1 {[%emt 0:00:15]} Nc3 {[%emt 0:00:12]} 27. Rxc3 {[%emt 0:01:31]} Rxc3 {[%emt 0:00:00]} 28. g5 {[%emt 0:00:01]} Bd5 {[%emt 0:00:08]} 29. Qg4 {[%emt 0:00:28]} f5 {[%emt 0:00:08]} 30. Qh3 {[%emt 0:00:18]} Re8 {[%emt 0:00:12]} 0-1

[Event "European Online Club-ch-D 2021"]
[Site "Online"]
[Date "2021.03.27"]
[Round "4.8"]
[White "Kusa, Jakub"]
[Black "Skulte, Christopher"]
[Result "1-0"]
[WhiteElo "2336"]
[BlackElo "2055"]
[Annotator "NA"]
[PlyCount "60"]
[EventDate "2021.03.27"]
[EventType "team-tourn"]
[EventCountry "NET"]
[SourceTitle "playchess.com"]
[Source "ChessBase"]
[SourceQuality "1"]
[TimeControl "900+5"]

1. e4 {[%emt 0:00:00]} c5 {[%emt 0:00:04]} 2. Nf3 {[%emt 0:00:06]} e6 {[%emt 0:00:04]} 3. d4 {[%emt 0:00:04]} cxd4 {[%emt 0:00:03]} 4. Nxd4 {[%emt 0:00:02]} Nf6 {[%emt 0:00:03]} 5. Nc3 {[%emt 0:00:03]} Nc6 {[%emt 0:00:01]} 6. Ndb5 {[%emt 0:00:05]} Bb4 {[%emt 0:00:04]} 7. a3 {[%emt 0:00:03]} Bxc3+ {[%emt 0:00:02]} 8. Nxc3 {[%emt 0:00:03]} d5 {[%emt 0:00:04]} 9. exd5 {[%emt 0:00:05]} exd5 {[%emt 0:00:02]} 10. Bd3 {[%emt 0:00:05]} O-O {[%emt 0:00:07]} 11. O-O {[%emt 0:00:03]} d4 {[%emt 0:00:07]} 12. Ne2 {[%emt 0:00:08]} Bg4 {[%emt 0:00:08]} 13. Bg5 {[%emt 0:00:09]} Re8 {[%emt 0:00:20]} 14. f3 {[%emt 0:00:43]} Bh5 {[%emt 0:00:15]} 15. Bh4 {[%emt 0:00:18]} Bg6 {[%emt 0:01:40]} 16. Bxg6 {[%emt 0:00:20]} hxg6 {[%emt 0:00:11]} 17. Bf2 {[%emt 0:00:16]} Qb6 {[%emt 0:00:10]} 18. b4 {[%emt 0:02:24]} Rad8 {[%emt 0:00:18]} 19. c3 {[%emt 0:01:17]} Nd5 {[%emt 0:00:50]} 20. cxd4 {[%emt 0:00:33]} Qb5 {[%emt 0:00:31]} 21. Re1 {[%emt 0:00:54]} Ne3 {[%emt 0:00:17]} 22. Nc3 {[%emt 0:02:25]} Qg5 {[%emt 0:02:23]} 23. Rxe3 {[%emt 0:00:30]} Rxe3 {[%emt 0:00:13]} 24. Qc1 {[%emt 0:00:18]} Rde8 {[%emt 0:01:48]} 25. Ne4 {[%emt 0:01:30]} R8xe4 {[%emt 0:01:08]} 26. fxe4 {[%emt 0:00:08]} Nxd4 {[%emt 0:00:10]} 27. Qxe3 {[%emt 0:00:39]} Qxe3 {[%emt 0:00:05]} 28. Bxe3 {[%emt 0:00:02]} Nc2 {[%emt 0:00:02]} 29. Rc1 {[%emt 0:00:22]} Nxe3 {[%emt 0:00:02]} 30. h3 {[%emt 0:00:23]} b6 {[%emt 0:00:04]} 1-0

[Event "European Online Club-ch-D 2021"]
[Site "Online"]
[Date "2021.03.27"]
[Round "4.9"]
[White "Lopez Del Alamo, Antonio"]
[Black "Ibrahimli, Murad"]
[Result "0-1"]
[WhiteElo "2295"]
[BlackElo "2436"]
[Annotator "NA"]
[PlyCount "72"]
[EventDate "2021.03.27"]
[EventType "team-tourn"]
[EventCountry "NET"]
[SourceTitle "playchess.com"]
[Source "ChessBase"]
[SourceQuality "1"]
[TimeControl "900+5"]

1. e4 {[%emt 0:00:00]} e5 {[%emt 0:00:03]} 2. Bc4 {[%emt 0:00:05]} Nf6 {[%emt 0:00:03]} 3. d3 {[%emt 0:00:03]} c6 {[%emt 0:00:04]} 4. Nf3 {[%emt 0:00:02]} d5 {[%emt 0:00:02]} 5. Bb3 {[%emt 0:00:02]} Bb4+ {[%emt 0:00:01]} 6. Bd2 {[%emt 0:00:03]} Bd6 {[%emt 0:00:27]} 7. Nc3 {[%emt 0:00:30]} Be6 {[%emt 0:00:33]} 8. Ng5 {[%emt 0:01:09]} Nbd7 {[%emt 0:00:12]} 9. Nxe6 {[%emt 0:00:06]} fxe6 {[%emt 0:00:03]} 10. a3 {[%emt 0:00:13]} O-O {[%emt 0:00:04]} 11. Qe2 {[%emt 0:00:06]} a5 {[%emt 0:00:04]} 12. O-O {[%emt 0:00:15]} Qe8 {[%emt 0:00:15]} 13. Bg5 {[%emt 0:01:22]} Qg6 {[%emt 0:00:04]} 14. Bxf6 {[%emt 0:01:01]} Nxf6 {[%emt 0:00:05]} 15. Rad1 {[%emt 0:00:29]} Nh5 {[%emt 0:00:16]} 16. g3 {[%emt 0:00:12]} Kh8 {[%emt 0:00:57]} 17. Kh1 {[%emt 0:00:08]} Rf7 {[%emt 0:00:04]} 18. d4 {[%emt 0:01:10]} exd4 {[%emt 0:00:09]} 19. Rxd4 {[%emt 0:00:03]} Raf8 {[%emt 0:01:32]} 20. e5 {[%emt 0:02:36]} Bc5 {[%emt 0:02:11]} 21. Rh4 {[%emt 0:00:05]} Rf5 {[%emt 0:00:52]} 22. f4 {[%emt 0:02:22]} Qf7 {[%emt 0:05:29]} 23. Nd1 {[%emt 0:00:38]} g6 {[%emt 0:00:06]} 24. c3 {[%emt 0:00:07]} Ng7 {[%emt 0:00:01]} 25. Ne3 {[%emt 0:01:05]} Bxe3 {[%emt 0:00:31]} 26. Qxe3 {[%emt 0:00:03]} g5 {[%emt 0:00:01]} 27. Rh6 {[%emt 0:01:31]} gxf4 {[%emt 0:00:03]} 28. gxf4 {[%emt 0:00:09]} Rh5 {[%emt 0:00:02]} 29. Rf6 {[%emt 0:00:52]} Qe7 {[%emt 0:00:01]} 30. Rxf8+ {[%emt 0:00:35]} Qxf8 {[%emt 0:00:03]} 31. Bc2 {[%emt 0:00:02]} Nf5 {[%emt 0:00:29]} 32. Qf3 {[%emt 0:00:10]} Qh6 {[%emt 0:00:30]} 33. Rf2 {[%emt 0:00:03]} Rh3 {[%emt 0:00:05]} 34. Qg4 {[%emt 0:00:04]} Rg3 {[%emt 0:00:45]} 35. Qe2 {[%emt 0:00:21]} Re3 {[%emt 0:00:04]} 36. Qf1 {[%emt 0:00:08]} Ng3+ {[%emt 0:00:03]} 0-1

[Event "European Online Club-ch-D 2021"]
[Site "Online"]
[Date "2021.03.27"]
[Round "4.10"]
[White "Babazada, Khazar"]
[Black "Gongora Montes, Benjamin"]
[Result "1-0"]
[WhiteElo "2409"]
[BlackElo "2198"]
[Annotator "NA"]
[PlyCount "67"]
[EventDate "2021.03.27"]
[EventType "team-tourn"]
[EventCountry "NET"]
[SourceTitle "playchess.com"]
[Source "ChessBase"]
[SourceQuality "1"]
[TimeControl "900+5"]

1. e4 {[%emt 0:00:00]} e5 {[%emt 0:00:07]} 2. Nc3 {[%emt 0:00:03]} Nf6 {[%emt 0:00:03]} 3. Nf3 {[%emt 0:00:01]} Nc6 {[%emt 0:00:06]} 4. Bb5 {[%emt 0:00:05]} Bb4 {[%emt 0:01:10]} 5. O-O {[%emt 0:00:32]} d6 {[%emt 0:00:05]} 6. Nd5 {[%emt 0:02:37]} Nxd5 {[%emt 0:00:40]} 7. exd5 {[%emt 0:00:05]} a6 {[%emt 0:00:01]} 8. Ba4 {[%emt 0:00:03]} b5 {[%emt 0:00:03]} 9. Bb3 {[%emt 0:00:02]} Ne7 {[%emt 0:00:06]} 10. c3 {[%emt 0:02:23]} Ba5 {[%emt 0:00:06]} 11. d4 {[%emt 0:00:02]} e4 {[%emt 0:02:12]} 12. Ng5 {[%emt 0:00:19]} Bf5 {[%emt 0:00:05]} 13. Re1 {[%emt 0:00:16]} O-O {[%emt 0:00:07]} 14. Nxe4 {[%emt 0:00:16]} Re8 {[%emt 0:00:08]} 15. Bg5 {[%emt 0:01:11]} Qd7 {[%emt 0:00:06]} 16. Qf3 {[%emt 0:00:28]} h6 {[%emt 0:00:47]} 17. Bxe7 {[%emt 0:01:44]} Rxe7 {[%emt 0:00:05]} 18. Nf6+ {[%emt 0:00:13]} gxf6 {[%emt 0:00:12]} 19. Rxe7 {[%emt 0:00:04]} Qxe7 {[%emt 0:00:08]} 20. Qxf5 {[%emt 0:00:03]} Re8 {[%emt 0:00:04]} 21. g3 {[%emt 0:00:49]} Qe4 {[%emt 0:01:30]} 22. Qxf6 {[%emt 0:00:24]} b4 {[%emt 0:00:03]} 23. c4 {[%emt 0:01:08]} Bb6 {[%emt 0:00:05]} 24. Rd1 {[%emt 0:00:36]} Qg4 {[%emt 0:01:48]} 25. c5 {[%emt 0:01:27]} dxc5 {[%emt 0:00:29]} 26. dxc5 {[%emt 0:00:22]} Bxc5 {[%emt 0:00:07]} 27. d6 {[%emt 0:00:04]} Re6 {[%emt 0:00:44]} 28. Bxe6 {[%emt 0:01:17]} Qxd1+ {[%emt 0:00:05]} 29. Kg2 {[%emt 0:00:03]} fxe6 {[%emt 0:00:20]} 30. Qxe6+ {[%emt 0:00:22]} Kg7 {[%emt 0:00:29]} 31. dxc7 {[%emt 0:00:09]} Qd4 {[%emt 0:00:16]} 32. c8=Q {[%emt 0:00:20]} Qxf2+ {[%emt 0:00:06]} 33. Kh3 {[%emt 0:00:01]} Qf1+ {[%emt 0:00:16]} 34. Kh4 {[%emt 0:00:04]} 1-0